Kartole /

Guardat en:
Dades bibliogràfiques
Autor principal: Fraccon, Davide (Autor)
Format: Llibre
Idioma:italià
Publicat: Milano : Morellini, c2010
Etiquetes: Afegir etiqueta
Sense etiquetes, Sigues el primer a etiquetar aquest registre!

MARC

LEADER 00000nam a22000007i 4500
001 IT\ICCU\MIL\0800302
003 ItRI
005 20260115232126.0
008 101217s2010 it |||||| ||||| |||||c
020 |a 9788862981040 
040 |b ita  |c importazione bologna sebina 
041 7 |a ita  |2 ISO-639-2 
100 1 |a Fraccon, Davide  |0 IT\ICCU\MILV\338310  |4 aut 
245 1 0 |a Kartole /  |c Davide Fraccon. 
260 |a Milano :  |b Morellini,  |c c2010 
300 |a 111 p. :  |b ill. ;  |c 17 cm 
500 |a Sul frontespizio: Bandiera gialla, la rete solidale. 
942 |2 ddc  |c BK  |n 0 
952 |0 0  |1 0  |4 0  |6 DOC_853_920000000000000_FRA  |7 0  |9 20492  |a BO  |b BO  |d 2026-01-15  |i 17468  |l 0  |o DOC 853.92 FRA  |p BO17468  |r 2026-01-15 23:21:26  |w 2026-01-15  |x [Sebina 5] [1 v.]  |y BK  |z 1 v. 
999 |c 17492  |d 17492